000 00555nam a2200229Ia 4500
003 OSt
005 20220924135905.0
006 a|||||r|||| 00| 0
007 ta
008 220923b |||||||| |||| 00| 0 ben d
024 _a292964
037 _cTextual
040 _aARTS
_cARTS
_bben
041 _2ben
_aben
082 _aO157,1N12x1, L5
100 _aBasu
_9154812
245 0 _aSako pray periye
260 _c1975
650 _aBENGALI LITERATURE
942 _hO157,1N12x1, L5
_cTEXL
_2CC
999 _c442326
_d442326